[Event "SVK-chT2B 1920"]
[Site "Slovakia"]
[Date "2020.01.26"]
[Round "7.4"]
[White "Hanko, Pavol"]
[Black "Michalek, Matej"]
[Result "1-0"]
[WhiteElo "2107"]
[BlackElo "1974"]
[PlyCount "69"]
[EventDate "2019.10.26"]
[EventType "team-tourn"]
[EventRounds "11"]
[EventCountry "SVK"]
[SourceTitle "CBM 194 Extra"]
[Source "ChessBase"]
[SourceDate "2020.03.31"]
[SourceVersion "1"]
[SourceVersionDate "2020.03.31"]
[SourceQuality "1"]
[WhiteTeam "Prievidza"]
[BlackTeam "Povazska Bystrica II"]
[WhiteTeamCountry "SVK"]
[BlackTeamCountry "SVK"]

1. d4 Nf6 2. Nf3 g6 3. c4 Bg7 4. Nc3 0-0 5. e4 d6 6. Be2 Nbd7 7. 0-0 e5 8. Re1 c6 9. Bf1 Qe7 10. d5 c5 11. Rb1 Nh5 12. g3 f5 13. exf5 gxf5 14. Nxe5 Nxe5 15. Qxh5 Nf3+ 16. Qxf3 Qxe1 17. Be3 Bxc3 18. Rxe1 Bxe1 19. Qe2 Ba5 20. Bh6 Bd7 21. Bxf8 Kxf8 22. Qh5 Kg7 23. Qg5+ Kf7 24. Qh6 Rg8 25. Qxd6 Bc8 26. Qxc5 Bb6 27. Qb4 Bd4 28. c5 Rg4 29. Qb3 Kf6 30. d6 Be6 31. Qxb7 Bxc5 32. Qe7+ Ke5 33. b3 Bxd6 34. f4+ Kd5 35. Bc4+ 1-0

[Event "SVK-chT3B2 1516"]
[Site "Slovakia"]
[Date "2015.11.29"]
[Round "3.1"]
[White "Michalek, Matej"]
[Black "Kutny, Marian"]
[Result "1/2-1/2"]
[WhiteElo "1943"]
[BlackElo "1948"]
[PlyCount "38"]
[EventDate "2015.10.11"]
[EventType "team-tourn"]
[EventRounds "11"]
[EventCountry "SVK"]
[SourceTitle "CBM 170 Extra"]
[Source "ChessBase"]
[SourceDate "2016.02.25"]
[SourceVersion "1"]
[SourceVersionDate "2016.02.25"]
[SourceQuality "1"]
[WhiteTeam "Povazska Bystrica III"]
[BlackTeam "Belusa"]
[WhiteTeamCountry "SVK"]
[BlackTeamCountry "SVK"]

1. e4 e6 2. d4 d5 3. exd5 exd5 4. Bd3 Nf6 5. Nf3 Bd6 6. 0-0 0-0 7. Bg5 h6 8. Bh4 Bg4 9. Nbd2 Re8 10. c3 c6 11. Qc2 Nbd7 12. Rfe1 Qc7 13. Bg3 Bxg3 14. hxg3 Qd6 15. Nh4 Rxe1+ 16. Rxe1 Re8 17. Rxe8+ Nxe8 18. Qa4 a6 19. Qa5 Qc7 1/2-1/2

[Event "SVK-chT2B 1516"]
[Site "Slovakia"]
[Date "2015.10.18"]
[Round "2.2"]
[White "Michalek, Matej"]
[Black "Becko, Frantisek"]
[Result "0-1"]
[WhiteElo "1944"]
[BlackElo "1920"]
[PlyCount "40"]
[EventDate "2015.10.17"]
[EventType "team-tourn"]
[EventRounds "11"]
[EventCountry "SVK"]
[SourceTitle "EXT 2019"]
[Source "ChessBase"]
[SourceDate "2018.10.10"]
[SourceVersion "1"]
[SourceVersionDate "2018.10.10"]
[SourceQuality "1"]
[WhiteTeam "Povazska Bystrica SKS II"]
[BlackTeam "Sala Slovan Duslo"]
[WhiteTeamCountry "SVK"]
[BlackTeamCountry "SVK"]

1. e4 c5 2. Nc3 Nc6 3. f4 d6 4. Nf3 Bg4 5. h3 Bxf3 6. Qxf3 Nd4 7. Qd1 e5 8. Kf2 exf4 9. Qg4 g5 10. h4 Nf6 11. Qh3 g4 12. Qd3 g3+ 13. Kg1 Ng4 14. Nd5 Ne5 15. Qa3 f3 16. Qa4+ Nec6 17. gxf3 Nxf3+ 18. Kg2 Nxh4+ 19. Kh3 Rg8 20. d4 Qd7+ 0-1

[Event "SVK-chT2B 1415"]
[Site "Slovakia"]
[Date "2014.12.06"]
[Round "5.1"]
[White "Michalek, Matej"]
[Black "Bielik, Jakub"]
[Result "1-0"]
[WhiteElo "1937"]
[BlackElo "1420"]
[PlyCount "47"]
[EventDate "2014.10.11"]
[EventType "team-tourn"]
[EventRounds "11"]
[EventCountry "SVK"]
[SourceTitle "EXT 2019"]
[Source "ChessBase"]
[SourceDate "2018.10.10"]
[SourceVersion "1"]
[SourceVersionDate "2018.10.10"]
[SourceQuality "1"]
[WhiteTeam "Povazska Bystrica SKS II"]
[BlackTeam "Povazske Podhradie SK"]
[WhiteTeamCountry "SVK"]
[BlackTeamCountry "SVK"]

1. e4 e6 2. d4 d5 3. Nc3 Bb4 4. exd5 exd5 5. Bd3 Nf6 6. Bg5 Qe7+ 7. Nge2 0-0 8. 0-0 Rd8 9. Nf4 Bxc3 10. bxc3 Qd6 11. Nh5 Ng4 12. Bf4 Qc6 13. h3 Nh6 14. Bg5 Re8 15. Nf6+ gxf6 16. Bxh6 Qxc3 17. Qf3 Qxd4 18. Qg3+ Bg4 19. hxg4 c6 20. Be3 Qa4 21. Qh4 Nd7 22. Qxh7+ Kf8 23. Bg6 fxg6 24. Bh6# 1-0

[Event "SVK-chT2B 1415"]
[Site "Slovakia"]
[Date "2014.11.09"]
[Round "4.1"]
[White "Szakall, Alexander"]
[Black "Michalek, Matej"]
[Result "1-0"]
[WhiteElo "1927"]
[BlackElo "1937"]
[PlyCount "73"]
[EventDate "2014.10.11"]
[EventType "team-tourn"]
[EventRounds "11"]
[EventCountry "SVK"]
[SourceTitle "EXT 2019"]
[Source "ChessBase"]
[SourceDate "2018.10.10"]
[SourceVersion "1"]
[SourceVersionDate "2018.10.10"]
[SourceQuality "1"]
[WhiteTeam "Nitra ASK"]
[BlackTeam "Povazska Bystrica SKS II"]
[WhiteTeamCountry "SVK"]
[BlackTeamCountry "SVK"]

1. Nf3 Nf6 2. c4 g6 3. Nc3 Bg7 4. g3 0-0 5. Bg2 d6 6. d4 Nbd7 7. 0-0 e5 8. d5 a5 9. Bg5 Nc5 10. a3 a4 11. Nd2 h6 12. Bxf6 Qxf6 13. Nde4 Nxe4 14. Bxe4 Bh3 15. Re1 Qg5 16. Nxa4 f5 17. Bg2 Bxg2 18. Kxg2 f4 19. Nc3 fxg3 20. hxg3 e4 21. Nxe4 Qf5 22. Qd3 Bxb2 23. Ra2 Rxa3 24. Rxa3 Bxa3 25. f3 Bb4 26. Rb1 Ba5 27. Rxb7 Bb6 28. Nxd6 Qf6 29. Ne4 Qa1 30. c5 Qa8 31. Rxb6 cxb6 32. cxb6 Qb8 33. Qb5 Rd8 34. Qc6 Kg7 35. b7 Qe5 36. d6 Rf8 37. Qc7+ 1-0

[Event "SVK-chT3B2 1314"]
[Site "Slovakia"]
[Date "2014.03.23"]
[Round "10.2"]
[White "Adamik, Bohuslav"]
[Black "Michalek, Matej"]
[Result "1/2-1/2"]
[WhiteElo "1953"]
[BlackElo "1914"]
[PlyCount "43"]
[EventDate "2013.10.13"]
[EventType "team-tourn"]
[EventRounds "14"]
[EventCountry "SVK"]
[SourceTitle "EXT 2015"]
[Source "ChessBase"]
[SourceDate "2014.11.20"]
[SourceVersion "1"]
[SourceVersionDate "2014.11.20"]
[SourceQuality "1"]
[WhiteTeam "Lehota pod Vtacnikom"]
[BlackTeam "Povazska Bystrica SK Sparta II"]
[WhiteTeamCountry "SVK"]
[BlackTeamCountry "SVK"]

1. d4 Nf6 2. Nf3 g6 3. b3 Bg7 4. Bb2 0-0 5. e3 d6 6. Be2 Nbd7 7. 0-0 c6 8. Nbd2 Qc7 9. c4 e5 10. dxe5 Nxe5 11. Nxe5 dxe5 12. Bf3 Be6 13. Qc2 Rad8 14. Rfd1 Rd7 15. Ne4 Nxe4 16. Bxe4 Rfd8 17. Bc3 f5 18. Bf3 e4 19. Be2 c5 20. Bxg7 Rxd1+ 21. Rxd1 Rxd1+ 22. Qxd1 1/2-1/2

[Event "SVK-chT2B 1314"]
[Site "Slovakia"]
[Date "2014.03.16"]
[Round "11.8"]
[White "Pindes, Robert"]
[Black "Michalek, Matej"]
[Result "0-1"]
[WhiteElo "2031"]
[BlackElo "1914"]
[PlyCount "42"]
[EventDate "2013.10.19"]
[EventType "team-tourn"]
[EventRounds "11"]
[EventCountry "SVK"]
[SourceTitle "EXT 2015"]
[Source "ChessBase"]
[SourceDate "2014.11.20"]
[SourceVersion "1"]
[SourceVersionDate "2014.11.20"]
[SourceQuality "1"]
[WhiteTeam "Nitra NSK II"]
[BlackTeam "Povazska Bystrica III"]
[WhiteTeamCountry "SVK"]
[BlackTeamCountry "SVK"]

1. d4 Nf6 2. c4 g6 3. Nc3 Bg7 4. e4 d6 5. Be2 0-0 6. Nf3 Nbd7 7. 0-0 e5 8. d5 Nc5 9. Qc2 a5 10. b3 Nh5 11. Bb2 f5 12. a3 Nf4 13. b4 Nxe4 14. Nxe4 fxe4 15. Qxe4 Nxe2+ 16. Qxe2 Bg4 17. Qe3 Bxf3 18. gxf3 Qh4 19. f4 Rxf4 20. f3 Qh3 21. c5 Rg4+ 0-1

[Event "SVK-ch op"]
[Site "Banska Stiavnica"]
[Date "2013.07.11"]
[Round "6"]
[White "Fiala, Jan"]
[Black "Michalek, Matej"]
[Result "1/2-1/2"]
[WhiteElo "2055"]
[BlackElo "1885"]
[PlyCount "92"]
[EventDate "2013.07.06"]
[EventType "swiss"]
[EventRounds "9"]
[EventCountry "SVK"]
[SourceTitle "CBM 155 Extra"]
[Source "ChessBase"]
[SourceDate "2013.08.26"]
[SourceVersion "1"]
[SourceVersionDate "2013.08.26"]
[SourceQuality "1"]

1. d4 Nf6 2. c4 g6 3. Nc3 Bg7 4. e4 d6 5. f3 Nbd7 6. Be3 0-0 7. Bd3 e5 8. d5 a6 9. Nge2 b6 10. g4 Nc5 11. Bc2 a5 12. Qd2 Bd7 13. 0-0-0 a4 14. Ng3 Qb8 15. Qe2 Qb7 16. h4 Rfb8 17. Nb5 Ne8 18. h5 c6 19. dxc6 Bxc6 20. hxg6 fxg6 21. Nxd6 Nxd6 22. Rxd6 Bf8 23. Rd2 b5 24. Bd3 b4 25. Bb1 Ne6 26. Kd1 Rd8 27. Ke1 Rxd2 28. Qxd2 Rd8 29. Qc1 Qf7 30. Kf2 Nd4 31. Bxd4 Rxd4 32. b3 Bc5 33. Ke2 a3 34. Rd1 Qe7 35. Rxd4 Bxd4 36. Nf1 Qh4 37. Qe1 Qg5 38. Qd2 Qh4 39. Qe1 Qh3 40. Qg3 Qxg3 41. Nxg3 Kf7 42. Kd2 Kf6 43. Ne2 Bc5 44. Nc1 Bd4 45. Ne2 Bc5 46. Nc1 Bd4 1/2-1/2

[Event "SVK-ch op"]
[Site "Banska Stiavnica"]
[Date "2013.07.09"]
[Round "4"]
[White "Chlpik, Martin"]
[Black "Michalek, Matej"]
[Result "1/2-1/2"]
[WhiteElo "2125"]
[BlackElo "1885"]
[PlyCount "123"]
[EventDate "2013.07.06"]
[EventType "swiss"]
[EventRounds "9"]
[EventCountry "SVK"]
[SourceTitle "CBM 155 Extra"]
[Source "ChessBase"]
[SourceDate "2013.08.26"]
[SourceVersion "1"]
[SourceVersionDate "2013.08.26"]
[SourceQuality "1"]

1. e4 d6 2. d4 g6 3. Nc3 Bg7 4. Bg5 Nd7 5. Qd2 c5 6. Nf3 a6 7. h4 h6 8. Be3 Ngf6 9. e5 cxd4 10. Qxd4 Nxe5 11. Nxe5 dxe5 12. Qxe5 Bf5 13. Rd1 Qb8 14. Qxb8+ Rxb8 15. Bd3 Bxd3 16. Rxd3 Rd8 17. Bd4 0-0 18. Kd2 Ne4+ 19. Nxe4 Bxd4 20. Ke2 f5 21. Nc3 Bxc3 22. Rxc3 Rd7 23. Rhh3 Rfd8 24. Rhe3 Kf7 25. Rc5 Rd5 26. Rc7 R8d7 27. Rxd7 Rxd7 28. Rb3 b5 29. Rc3 Rd6 30. Rc7 Kf6 31. Ke3 e5 32. g3 g5 33. b3 f4+ 34. Kf3 fxg3 35. hxg5+ Kxg5 36. fxg3 Rd4 37. Rc5 Kf5 38. Rc6 Rd2 39. a4 bxa4 40. bxa4 a5 41. g4+ Kg5 42. Rc5 Kf6 43. Rc6+ Kg5 44. Re6 Rd5 45. Re8 Rc5 46. c4 Kf6 47. Ra8 Kg5 48. Ra6 h5 49. gxh5 Kxh5 50. Ke3 Kg5 51. Kd3 Kf4 52. Rf6+ Kg5 53. Rb6 Kf4 54. Rb5 e4+ 55. Kd4 Rxb5 56. axb5 e3 57. b6 e2 58. b7 e1Q 59. b8Q+ Kf5 60. Qb5+ Kf6 61. Qc6+ Ke7 62. Qc7+ 1/2-1/2

[Event "SVK-ch op"]
[Site "Banska Stiavnica"]
[Date "2013.07.07"]
[Round "2"]
[White "Kavon, Rastislav"]
[Black "Michalek, Matej"]
[Result "1/2-1/2"]
[WhiteElo "1994"]
[BlackElo "1885"]
[PlyCount "43"]
[EventDate "2013.07.06"]
[EventType "swiss"]
[EventRounds "9"]
[EventCountry "SVK"]
[SourceTitle "CBM 155 Extra"]
[Source "ChessBase"]
[SourceDate "2013.08.26"]
[SourceVersion "1"]
[SourceVersionDate "2013.08.26"]
[SourceQuality "1"]

1. e4 d6 2. d4 g6 3. Nc3 Bg7 4. f4 Nf6 5. Nf3 0-0 6. Bd3 Nbd7 7. e5 Ne8 8. Be3 c5 9. Qe2 Nc7 10. dxc5 dxe5 11. fxe5 Ne6 12. 0-0 Ndxc5 13. Bc4 Bd7 14. Rad1 Qe8 15. Nd5 Rc8 16. Rfe1 b5 17. Bb3 Bc6 18. Ng5 Nxb3 19. axb3 Nxg5 20. Bxg5 Bxd5 21. Rxd5 Qc6 22. Red1 1/2-1/2

[Event "SVK-chT3B2 1213"]
[Site "Slovakia"]
[Date "2012.12.09"]
[Round "4.1"]
[White "Michalek, Matej"]
[Black "Mruskovic, Peter"]
[Result "1/2-1/2"]
[WhiteElo "1898"]
[BlackElo "1939"]
[PlyCount "121"]
[EventDate "2012.10.28"]
[EventType "team-tourn"]
[EventRounds "14"]
[EventCountry "SVK"]
[SourceTitle "EXT 2022"]
[Source "ChessBase"]
[SourceDate "2021.10.06"]
[SourceVersion "1"]
[SourceVersionDate "2021.10.06"]
[SourceQuality "1"]
[WhiteTeam "Povazska Bystrica II"]
[BlackTeam "Podhradie Povazske"]
[WhiteTeamCountry "SVK"]
[BlackTeamCountry "SVK"]

1. e4 c5 2. Nc3 d6 3. f4 Nc6 4. Nf3 Nf6 5. d3 e5 6. g3 a6 7. Bg2 Be7 8. 0-0 b5 9. a3 Bb7 10. Nd5 Nxd5 11. exd5 Nd4 12. Nxd4 exd4 13. Qg4 0-0 14. Be4 Bc8 15. f5 Bf6 16. h4 Be5 17. Qh3 Ra7 18. g4 f6 19. Qg2 Kf7 20. Bd2 a5 21. g5 Ke8 22. Qf3 fxg5 23. Qh5+ Raf7 24. hxg5 Bxf5 25. Bxf5 g6 26. Bxg6 hxg6 27. Qxg6 Qd7 28. Qh5 Rh8 29. Qxf7+ Qxf7 30. Rxf7 Kxf7 31. Rf1+ Kg6 32. Bxa5 Kxg5 33. Bd2+ Kg4 34. b3 Bg3 35. Be1 Bh2+ 36. Kg2 Bf4 37. Rh1 Ra8 38. Rh4+ Kg5 39. Kf3 Be5 40. Rg4+ Kf5 41. Bh4 Rxa3 42. Rg5+ Kf6 43. Ke4 Kf7 44. Rf5+ Ke8 45. Bf6 Bxf6 46. Rxf6 Ke7 47. Kf5 Ra1 48. Re6+ Kd7 49. Re2 Rf1+ 50. Ke4 Rh1 51. Rg2 Rh5 52. Rg7+ Ke8 53. b4 Re5+ 54. Kf4 cxb4 55. Rb7 Rxd5 56. Ke4 Rc5 57. Kxd4 Kd8 58. Rg7 Rxc2 59. Kd5 b3 60. Kxd6 Kc8 61. Rg5 1/2-1/2

[Event "SVK-chT3B2 1213"]
[Site "Slovakia"]
[Date "2012.11.11"]
[Round "2.2"]
[White "Michalek, Matej"]
[Black "Reisel, Frantisek"]
[Result "1/2-1/2"]
[WhiteElo "1898"]
[BlackElo "2005"]
[PlyCount "34"]
[EventDate "2012.10.28"]
[EventType "team-tourn"]
[EventRounds "14"]
[EventCountry "SVK"]
[SourceTitle "EXT 2022"]
[Source "ChessBase"]
[SourceDate "2021.10.06"]
[SourceVersion "1"]
[SourceVersionDate "2021.10.06"]
[SourceQuality "1"]
[WhiteTeam "Povazska Bystrica II"]
[BlackTeam "Prievidza SK III"]
[WhiteTeamCountry "SVK"]
[BlackTeamCountry "SVK"]

1. e4 d6 2. Nc3 e5 3. Bc4 Nc6 4. d3 Nf6 5. Nge2 Be7 6. 0-0 0-0 7. f4 Bg4 8. h3 Bxe2 9. Nxe2 Na5 10. Bb3 c6 11. Be3 Qc7 12. Qe1 b6 13. Qg3 Nxb3 14. axb3 Nd7 15. Qh2 f6 16. g4 d5 17. fxe5 dxe4 1/2-1/2

[Event "Zilina Region-ch"]
[Site "Zilina"]
[Date "2012.05.06"]
[Round "5"]
[White "Michalek, Matej"]
[Black "Murin, Pavol"]
[Result "0-1"]
[WhiteElo "1818"]
[BlackElo "2017"]
[PlyCount "62"]
[EventDate "2012.05.04"]
[EventType "swiss"]
[EventRounds "7"]
[EventCountry "SVK"]
[SourceTitle "CBM 148 Extra"]
[Source "ChessBase"]
[SourceDate "2012.06.22"]
[SourceVersion "1"]
[SourceVersionDate "2012.06.22"]
[SourceQuality "1"]

1. e4 c5 2. Nc3 Nc6 3. f4 g6 4. Nf3 Bg7 5. Bb5 Nd4 6. Bc4 e6 7. 0-0 Ne7 8. Kh1 0-0 9. a3 d5 10. Ba2 dxe4 11. Nxe4 b6 12. Nxd4 Qxd4 13. Qe2 Bb7 14. d3 Nf5 15. Rb1 Qd8 16. Ng5 Nd4 17. Qf2 h6 18. Ne4 Nf5 19. Bd2 Bd4 20. Qe2 Bg7 21. Qf2 Bd4 22. Qe2 Rc8 23. Bc3 Bd5 24. Bc4 Bxc3 25. Nxc3 Qh4 26. Qf2 Qxf2 27. Rxf2 Bxc4 28. dxc4 Rfd8 29. Rd1 Ne3 30. Rxd8+ Rxd8 31. h3 Nxc4 0-1

[Event "SVK-chT U20 final"]
[Site "Liptovsky Hradok"]
[Date "2012.04.28"]
[Round "3.4"]
[White "Michalek, Matej"]
[Black "Sucikova, Svetlana"]
[Result "1-0"]
[WhiteElo "1810"]
[BlackElo "1873"]
[PlyCount "71"]
[EventDate "2012.04.27"]
[EventType "team-tourn"]
[EventRounds "5"]
[EventCountry "SVK"]
[SourceTitle "CBM 148 Extra"]
[Source "ChessBase"]
[SourceDate "2012.06.22"]
[SourceVersion "1"]
[SourceVersionDate "2012.06.22"]
[SourceQuality "1"]
[WhiteTeam "Povazska Bystrica"]
[BlackTeam "Stara Lubovna"]
[WhiteTeamCountry "SVK"]
[BlackTeamCountry "SVK"]

1. e4 e5 2. Nc3 Nf6 3. Bc4 Nc6 4. d3 Na5 5. Bb3 Nxb3 6. axb3 d6 7. h3 Be7 8. Nge2 0-0 9. 0-0 c6 10. Be3 a6 11. f4 exf4 12. Nxf4 Nd7 13. Nh5 Ne5 14. Ng3 Bg5 15. Qd2 Bxe3+ 16. Qxe3 Ng6 17. Nce2 Qe7 18. Qf2 Be6 19. Nf5 Qd7 20. Qg3 d5 21. h4 f6 22. h5 Bxf5 23. exf5 Ne5 24. h6 Qf7 25. d4 Nd7 26. Nf4 Rfc8 27. Rae1 Re8 28. Nh5 g6 29. Ng7 Rxe1 30. Rxe1 Rd8 31. Qd6 gxf5 32. Re7 Qf8 33. Qe6+ Kh8 34. Rxd7 Rxd7 35. Qxd7 Kg8 36. Ne6 1-0

[Event "SVK-ch U16"]
[Site "Lubovnianske Kupele"]
[Date "2012.03.22"]
[Round "7"]
[White "Michalek, Matej"]
[Black "Harvan, Richard"]
[Result "1-0"]
[WhiteElo "1810"]
[BlackElo "1983"]
[PlyCount "167"]
[EventDate "2012.03.17"]
[EventType "swiss"]
[EventRounds "9"]
[EventCountry "SVK"]
[SourceTitle "CBM 147 Extra"]
[Source "ChessBase"]
[SourceDate "2012.04.24"]
[SourceVersion "1"]
[SourceVersionDate "2012.04.24"]
[SourceQuality "1"]

1. e4 c5 2. Nc3 Nc6 3. f4 d6 4. Nf3 g6 5. Bb5 Bd7 6. 0-0 Bg7 7. d3 Nf6 8. h3 0-0 9. Ne2 a6 10. Bxc6 Bxc6 11. Ng3 b5 12. h4 Qb6 13. Kh1 a5 14. h5 c4 15. Qe2 cxd3 16. cxd3 b4 17. Be3 Qa6 18. Nd4 Bd7 19. hxg6 hxg6 20. f5 e5 21. fxe6 fxe6 22. Rac1 Rac8 23. Bg5 Rxc1 24. Rxc1 Ne8 25. Be3 e5 26. Nf3 Bg4 27. Nf1 Qb7 28. N1h2 Be6 29. b3 Nf6 30. Nh4 Nh5 31. Kg1 Qf7 32. N4f3 Bf6 33. Qd2 Nf4 34. d4 g5 35. d5 Bd7 36. g3 Nh3+ 37. Kg2 Qh5 38. Rf1 g4 39. Ng1 Bg5 40. Rxf8+ Kxf8 41. Bxg5 Qxg5 42. Qe1 Nxg1 43. Kxg1 Bb5 44. Qf2+ Ke7 45. Kg2 Bd3 46. Qe1 Qg6 47. Kf2 Bxe4 48. Qd1 Qf7+ 49. Ke3 Qxd5 50. Qxg4 Qd4+ 51. Ke2 Bd3+ 52. Kd2 Qxg4 53. Nxg4 Bb1 54. Kc1 Bg6 55. Ne3 Bf7 56. Kc2 d5 57. Kd3 Bg6+ 58. Kd2 Kd6 59. g4 e4 60. Nc2 Ke5 61. Ke3 Be8 62. Nd4 Bd7 63. g5 Be8 64. g6 Bxg6 65. Nc6+ Kd6 66. Nxa5 Bh5 67. Kd4 Bd1 68. Nb7+ Kc7 69. Nc5 Kd6 70. Na6 Be2 71. Nxb4 Bd1 72. Nxd5 Bc2 73. Nc3 e3 74. Kxe3 Kc5 75. Kd2 Bg6 76. a3 Bf7 77. Kc2 Bg6+ 78. Kb2 Bf7 79. Ne2 Bh5 80. Nf4 Bf7 81. Kc3 Kb5 82. Nd3 Be8 83. Nb2 Bf7 84. a4+ 1-0

[Event "SVK-ch U16"]
[Site "Lubovnianske Kupele"]
[Date "2012.03.21"]
[Round "6"]
[White "Sarocky, Lukas"]
[Black "Michalek, Matej"]
[Result "0-1"]
[WhiteElo "1747"]
[BlackElo "1810"]
[PlyCount "64"]
[EventDate "2012.03.17"]
[EventType "swiss"]
[EventRounds "9"]
[EventCountry "SVK"]
[SourceTitle "CBM 147 Extra"]
[Source "ChessBase"]
[SourceDate "2012.04.24"]
[SourceVersion "1"]
[SourceVersionDate "2012.04.24"]
[SourceQuality "1"]

1. e4 e6 2. d4 d5 3. Nc3 Nf6 4. Bg5 Be7 5. e5 Nfd7 6. Bxe7 Qxe7 7. f4 a6 8. Nf3 c5 9. Be2 Nc6 10. 0-0 cxd4 11. Nb1 Qb4 12. b3 b5 13. a3 Qc5 14. b4 Qb6 15. Kh1 a5 16. bxa5 Rxa5 17. Qd2 Nc5 18. Bd3 b4 19. Qe2 b3 20. cxb3 Nxd3 21. Qxd3 Ba6 22. Qd1 Bxf1 23. Qxf1 0-0 24. Nbd2 Rfa8 25. Qc1 Nb4 26. g3 Rc5 27. Qb2 Qc7 28. Nxd4 Nd3 29. Qa2 Rc1+ 30. Kg2 Qc3 31. Rxc1 Qxc1 32. a4 Nb4 0-1

[Event "SVK-ch U16"]
[Site "Lubovnianske Kupele"]
[Date "2012.03.18"]
[Round "2"]
[White "Hros, Roman"]
[Black "Michalek, Matej"]
[Result "1/2-1/2"]
[WhiteElo "1925"]
[BlackElo "1810"]
[PlyCount "44"]
[EventDate "2012.03.17"]
[EventType "swiss"]
[EventRounds "9"]
[EventCountry "SVK"]
[SourceTitle "CBM 147 Extra"]
[Source "ChessBase"]
[SourceDate "2012.04.24"]
[SourceVersion "1"]
[SourceVersionDate "2012.04.24"]
[SourceQuality "1"]

1. Nf3 Nf6 2. b3 g6 3. Bb2 Bg7 4. g3 0-0 5. Bg2 d6 6. d4 Nbd7 7. 0-0 c6 8. c4 Qc7 9. Nc3 a6 10. e4 b5 11. cxb5 axb5 12. Re1 e5 13. dxe5 Nxe5 14. Rc1 Nxf3+ 15. Bxf3 Rb8 16. Nd5 Nxd5 17. Bxg7 Kxg7 18. Qxd5 cxd5 19. Rxc7 dxe4 20. Rxe4 Bb7 21. Re3 Bxf3 22. Rxf3 Ra8 1/2-1/2